Histoire de la conqueste du Mexique (Record no. 2627)

MARC details
000 -CABECERA
campo de control de longitud fija 00661nam a2200205 a 4500
001 - NÚMERO DE CONTROL
campo de control BRCA_2888
005 - FECHA Y HORA DE LA ÚLTIMA TRANSACCIÓN
campo de control 20190320204021.0
008 - DATOS DE LONGITUD FIJA--INFORMACIÓN GENERAL
campo de control de longitud fija 111208s1730----fr-a---###---#000-0#fre-u
050 #4 - SIGNATURA TOPOGRÁFICA DE LA BIBLIOTECA DEL CONGRESO
Número de clasificación F1230
Número de documento/Ítem .C67 1730
100 1# - ENTRADA PRINCIPAL--NOMBRE DE PERSONA
Nombre de persona Cortes, Hernando
Fechas asociadas al nombre 1485-1547
9 (RLIN) 8050
245 10 - MENCIÓN DE TÍTULO
Título Histoire de la conqueste du Mexique
Resto del título ou de la Nouvelle Espagne
Mención de responsabilidad, etc. par Fernand Cortez ; tr. de l´espagnol de Dom Antoine de Solis.
250 ## - MENCIÓN DE EDICIÓN
Mención de edición 5
260 ## - PUBLICACIÓN, DISTRIBUCIÓN, ETC.
Lugar de publicación, distribución, etc. Paris
Nombre del editor, distribuidor, etc. Campagnie des Libraires
Fecha de publicación, distribución, etc. 1730
300 ## - DESCRIPCIÓN FÍSICA
Extensión 2 v.
Otras características físicas il.
Dimensiones 17 cm.
500 ## - NOTA GENERAL
Nota general B27
651 #4 - PUNTO DE ACCESO ADICIONAL DE MATERIA--NOMBRE GEOGRÁFICO
Nombre geográfico México
Subdivisión general Historia
9 (RLIN) 614
700 1# - PUNTO DE ACCESO ADICIONAL--NOMBRE DE PERSONA
Nombre de persona Solis y Rivadeneyra, Antonio de
Fechas asociadas al nombre 1610-1686
Término indicativo de función/relación tr
9 (RLIN) 8051
902 ## - CATALOGADOR
Iniciales GFM
942 ## - ELEMENTOS DE PUNTO DE ACCESO ADICIONAL (KOHA)
Fuente del sistema de clasificación o colocación Library of Congress Classification
Tipo de ítem Koha Libros
Holdings
Estado de retiro Estado de pérdida Estado dañado No para préstamo Localización permanente Ubicación/localización actual Fecha de adquisición Número de inventario Total de préstamos Signatura topográfica completa Código de barras Fecha visto por última vez Precio válido a partir de Tipo de ítem Koha
El ejemplar forma parte de la colección y puede ser consultado según las políticas vigentes.       Biblioteca del Museo Franz Mayer (Rogerio Casas-Alatriste) Biblioteca del Museo Franz Mayer (Rogerio Casas-Alatriste) 11/12/2008 B27   F1230 .C67 1730 (B27) 2885 22/03/2019 22/03/2019 Libros